000 00838nam0a22002411 4500
001 RU\NLR\INFOCOMM_195\5000029977
005 20250613091247.0
035 _a(NLR Aleph) 009098576
090 _a8086877
_c8086877
100 _a20090111d1925 |||y0rusy50 ca
101 0 _ager
102 _aRU
105 _ay ||||000|y
200 1 _aDie Konzentrationsterderzen in der Deutschen Automobilindustrie
_eAuszug aus der Inaug.-Diss. zur Erlangung der staatswissenschaftlichen Doktorwürde der ... Univ. zu Königsberg i. Pr.
_fvorgelegt von Felix Baumann
210 _aKönigsberg i. Pr.
_d1925
215 _a432-438 с.
_d22 см
686 _aЭп3980(Германия)
_2rubbk
700 1 _aBaumann
_bF.
_f1900-
_gFelix
_4070
801 1 _aRU
_bNLR
_c20090111
801 0 _aRU
_bNLR
_gPSBO
852 _aNLR
_jЭк41 В-6/9
942 _cBOOK
980 _aNB